How'd Ya Die: Game of Thrones II Quiz Stats

 Plays Quiz Updated Jul 16, 2017

Score 0/15 Timer 06:00
4 Plays Today
Death Character % Correct
Had her throat slit during the Red WeddingCatelyn Stark
93.6%
Had molten gold poured on his headViserys Targaryen
91.5%
Eaten by his own dogs, which he had not fed for seven daysRamsay Bolton
88.5%
Killed by The Mountain in a trial by combatOberyn Martell
86.1%
Strangled by Tyrion for her betrayalShae
85.1%
Threw himself from a window upon his wife's deathTommen Baratheon
84.1%
Smothered by his wife to spare him from the witch's blood magicKhal Drogo
82.6%
Shot by Jon Snow to spare him from being burned aliveMance Rayder
76.6%
Death Character % Correct
Killed by Brienne of Tarth during the Battle of WinterfellStannis Baratheon
71.8%
The youngest traitor hanged by Jon SnowOlly
71.2%
Thrown off of the side of a bridge by his own brotherBalon Greyjoy
70.8%
Stabbed to death after she and Rickon were capturedOsha
70.3%
Killed by The Hound in a trial by combat only to be revivedBeric Dondarrion
64%
Stabbed by Ellaria in a power struggle in DorneDoran Martell
62.6%
Locked in his own empty vault and left for deadXaro Xhoan Daxos
47.3%

You're not logged in!

Compare scores with friends on all Sporcle quizzes.
OR
Log In

Show Comments

Extras

Top Quizzes Today


Score Distribution

Your Account Isn't Verified!

In order to create a playlist on Sporcle, you need to verify the email address you used during registration. Go to your Sporcle Settings to finish the process.

Report this User

Report this user for behavior that violates our Community Guidelines.

Details: